00397nam a2200157Ia 45000010006000000050017000060080041000230410008000640820017000721000044000892450047001332600009001803000034001896500008002236540008002312467420260414151059.0260414t2014||||xx |||||||||||||| ||spa|| aESP a345.721bM86 aMoreno Rodríguez, José AntonioeAUT 0aContratación y arbitraje internacionalb c2014 axxiv, 273 páginas :c23 cm. aDER aCDE